Sports Quiz

Random Sports Quiz

F1 Teams Ross Brawn has worked for Quiz Stats

Quiz not verified by Sporcle

Challenge
Share
Tweet
Embed
Score 0/8 Timer 03:00
0 Plays Today
Hint Answer % Correct
1996Ferrari
99.4%
2009Brawn GP
99.4%
2010Mercedes
98.1%
2008Honda
93.2%
1991Benetton
88.9%
1978Williams
76.5%
1987Arrows F1
39.5%
1986Haas-Lola
28.4%

You're not logged in!

Compare scores with friends on all Sporcle quizzes.
Join for Free
OR
Log In

You Might Also Like...

Show Comments

Extras

Top Quizzes Today


Score Distribution

Your Account Isn't Verified!

In order to create a playlist on Sporcle, you need to verify the email address you used during registration. Go to your Sporcle Settings to finish the process.

Report this User

Report this user for behavior that violates our Community Guidelines.

Details: